000 00302nam a22001337a 4500
003 SGT
082 _a615.53
_bC12S
100 _aSASTRPT. KASINATH
245 _aTHE CARAKA SAMHITA OF AGNIVESA
260 _aVARANASI
_bCHAUKHAMBHA PUB
_c2012
300 _a920
650 _aCHARAK SAMHITA
942 _2ddc
_cBK
999 _c8452
_d8452